000
00248nam a2200109Ia 4500
008
220204s9999 xx 000 0 und d
082
_a
82-3
_b
MAS
100
_a
John
245
0
_a
Fandango rock
260
_a
Great Britain
_b
Sphere
_c
1976
942
_c
BK
999
_c
28532
_d
28532